Orientaciones para la escuela infantil de cero a dos años
Guardat en:
| Autors principals: | , |
|---|---|
| Format: | Llibre |
| Idioma: | espanyol |
| Publicat: |
Madrid
Morata
2000
|
| Edició: | 3a. ed |
| Col·lecció: | Educación Infantil y Primaria
|
| Matèries: | |
| Etiquetes: |
Afegir etiqueta
Sense etiquetes, Sigues el primer a etiquetar aquest registre!
|
MARC
| LEADER | 00000nam a2200000 a 4500 | ||
|---|---|---|---|
| 001 | UCN0185 | ||
| 003 | CL-VaPUC | ||
| 008 | 010316e20000000SP |||||||||||||||||spa|d | ||
| 082 | 0 | 4 | |a 372.21 |b WIL |2 21 |
| 100 | 0 | |a Willis, Anne |e author |9 455551 | |
| 700 | 0 | |a Ricciuti, Henry |e author |9 455552 | |
| 245 | 1 | 0 | |a Orientaciones para la escuela infantil de cero a dos años |
| 250 | |a 3a. ed | ||
| 300 | |a 173 p | ||
| 942 | |c BK | ||
| 945 | |d 20010316 00:00:00 |a cmena | ||
| 260 | |a Madrid |b Morata |c 2000 | ||
| 650 | 0 | |a Educación preescolar |9 260381 | |
| 650 | 0 | |a Métodos de enseñanza |9 270413 | |
| 650 | 0 | |a Planificación de la educación |9 307333 | |
| 650 | 0 | |a Psicología educacional |9 307830 | |
| 650 | 0 | |a Juegos educativos |9 307366 | |
| 583 | |a last modification |c 20010316 00:00:00 |k Rodrigo Vera | ||
| 490 | 0 | |a Educación Infantil y Primaria | |
| 999 | |c 294119 |d 294117 | ||
| 952 | |0 0 |1 0 |4 0 |6 372_210000000000000_WIL_2000 |7 0 |8 A |9 345982 |a BIBEDU |b BIBEDU |d 2019-11-20 |i 3694240 |o 372.21 WIL 2000 |p 3694240 |r 2019-11-20 |w 2019-11-20 |y BK |k BME | ||
| 952 | |0 0 |1 0 |4 0 |6 372_210000000000000_WIL_2000 |7 0 |8 A |9 345983 |a BIBEDU |b BIBEDU |d 2019-11-20 |i 3694232 |o 372.21 WIL 2000 |p 3694232 |r 2019-11-20 |w 2019-11-20 |y BK |k BME | ||